Projektový management v peaxi : naučte se řídit projekty /

Guardado en:
Detalles Bibliográficos
Autores principales: Doležal, Jan (Autor), Krátký, Jiří (Autor)
Formato: Libro
Lenguaje:checo
Publicado: Praha Grada 2017
Edición:1. vyd.
Materias:
Etiquetas: Agregar Etiqueta
Sin Etiquetas, Sea el primero en etiquetar este registro!

MARC

LEADER 00000nam a22000003a 4500
001 0070045
003 SK-STU
005 20181219101751.0
007 ta
008 181219s ----xo-----e------000-0-----d
020 |a 978-80-247-5693-6 
040 |a STU  |b slo 
041 0 |a cze 
044 |a xr 
100 1 |a Doležal, Jan  |4 aut 
245 1 0 |a Projektový management v peaxi :  |b naučte se řídit projekty /  |c aut. Jan Doležal, Jiří Krátký 
250 |a 1. vyd. 
260 |a Praha  |b Grada  |c 2017 
300 |a 171 s. 
650 0 7 |a projektový manažment 
700 1 |a Krátký, Jiří  |4 aut 
996 |b 284M088083  |c M* 14217-1  |l MMST  |s A  |a 24  |w 0070045_0001